000 00762nam a22002417a 4500
003 BD-DhJNU
005 20251211070020.0
008 251211b |||||||| |||| 00| 0 eng d
020 _a9789355735645
020 _a9355735642
040 _aBD-DhJNU
_bENG
_cBD-DhJNU
_dBD-DhJNU
082 _223
_a658.4012 HIS
100 _aHill, Charles W. L.
245 _aStrategic management :
_btheory & cases : an integrated approach /
_cCharles W. L. Hill, Melissa A. Schilling and Gareth R. Jones
250 _a13th ed.
260 _aAustralia :
_bCengage,
_c2024.
300 _axxi, 693p.+ :
_bill. ;
_c26 cm.
504 _aIncludes index
650 _aStrategic Management
700 _aSchilling, Melissa A.
700 _aJones, Gareth R.
942 _2ddc
_cBK
_n0
999 _c2432
_d2432